00201nam a2200073Ia 4500008004100000082001700041100001700058245005200075240331s9999 xx 000 0 und d a303.325bQUE aWatch Tower  0aQuestions young people ask :banswers that work